000
00297nam a2200121Ia 4500
008
220216s9999 xx 000 0 und d
100
_a
Abraham Joshua
245
0
_a
Thudarkrishiyilum jaivavividhyam nilanirthan
260
_b
Rubber
_c
2010
300
_a
27-30
700
_a
Jessy M.D.
942
_c
BS
999
_c
48587
_d
48587